Statistics for Biggest Cities in Florida

Click here to take the quiz!

General Stats

  • This quiz has been taken 38,881 times
    (6,171 since last reset)
  • The average score is 10 of 30

Answer Stats

Population City % Correct
467,963Miami
99%
287,442Orlando
94%
399,700Tampa
91%
911,507Jacksonville
88%
194,500Tallahassee
83%
182,437Fort Lauderdale
63%
265,351St. Petersburg
58%
87,103Fort Myers
37%
133,997Gainesville
35%
111,955West Palm Beach
34%
88,885Miami Beach
31%
116,946Clearwater
30%
99,805Boca Raton
27%
154,817Hollywood
27%
233,339Hialeah
25%
201,846Port St. Lucie
23%
112,136Lakeland
22%
194,495Cape Coral
22%
133,759Coral Springs
14%
173,591Pembroke Pines
14%
112,118Pompano Beach
14%
110,001Miami Gardens
14%
115,552Palm Bay
12%
141,191Miramar
11%
84,948Largo
11%
92,757Deltona
11%
95,166Sunrise
11%
89,800Palm Coast
10%
106,306Davie
10%
94,580Plantation
9%

Score Distribution

Percentile by Number Answered

Percent of People with Each Score

Your Score History

You have not taken this quiz since the last reset